| 000 | 00384pam a2200157a 44500 | ||
|---|---|---|---|
| 008 | 230515b2015 xxu||||| |||| 00| 0 eng d | ||
| 020 | _a9788126520329 | ||
| 041 | _aENGLISH | ||
| 082 | _a660.28 | ||
| 100 | _aSEIDER W. | ||
| 245 | _aPRODUCT AND PROCESS DESIGN PRINCIPLES | ||
| 250 | _a2013 | ||
| 260 |
_aDHELI _bWILEY INDIA PUBLICATION _c2015 |
||
| 300 | _a802P. | ||
| 650 | _aNULL | ||
| 999 |
_c609748 _d609748 |
||